Rozvoj zemí RVHP statistickoekonomický přehled

Gespeichert in:
Bibliographische Detailangaben
1. Verfasser: Stickel, Jiří
Weitere Verfasser: Titěrová, B., Veselý, Zdeněk
Format: Buch
Sprache:Tschechisch
Veröffentlicht: Praha Federální statistický úřad 1981
Schriftenreihe:Statistická knižnice
Tags: Tag hinzufügen
Keine Tags, Fügen Sie das erste Tag hinzu!

MARC

LEADER 00000nam a2200000 4500
001 c126220
005 20220118124040.3
041 0 |a cze 
044 |a CZ 
245 1 0 |a Rozvoj zemí RVHP  |b statistickoekonomický přehled  |c Jiří Stickel, B. Titěrová, Zdeněk Veselý 
264 1 |a Praha  |b Federální statistický úřad  |c 1981 
300 |a 111 s. 
490 1 |a Statistická knižnice 
830 0 |a Statistická knižnice 
100 1 |a Stickel, Jiří 
700 1 |a Titěrová, B. 
700 1 |a Veselý, Zdeněk